Visualizzazione normale
Vista MARC
- Centro Studi per la Scuola Cattolica - CSSC
di Personal Name
Records bibliografici associati: 1
001 - CONTROL NUMBER
- control field: 59229
003 - CONTROL NUMBER IDENTIFIER
- control field:
005 - DATE AND TIME OF LATEST TRANSACTION
- control field: 20221028123345.0
008 - FIXED-LENGTH DATA ELEMENTS
- fixed length control field: 221028|| aca||aabn | a|a d
040 ## - CATALOGING SOURCE
- Original cataloging agency:
- Transcribing agency:
100 ## - HEADING--PERSONAL NAME
- Personal name: Centro Studi per la Scuola Cattolica - CSSC
670 ## - SOURCE DATA FOUND
- Source citation: Work cat.: ()359518: Centro Studi per la Scuola Cattolica - CSSC, Una scuola per la famiglia, 2015